| 000 | 00679cam a22002291a 4500 | ||
|---|---|---|---|
| 001 | ne 68004616 | ||
| 003 | DLC | ||
| 005 | 20260227111850.0 | ||
| 008 | 841105s1966 ua f000 0 ara | ||
| 010 | _ane 68004616 | ||
| 035 | _a(OCoLC)11348518 | ||
| 040 |
_aDLC _cCoD _dAzU _dDLC |
||
| 041 | 0 | _aaraeng | |
| 042 | _apremarc | ||
| 050 | 0 | 0 |
_aPJ6307 _b.U45 |
| 110 | 1 |
_aUnited Arab Republic. _bWizārat al-Thaqāfah. |
|
| 245 | 1 | 0 |
_aTaʻallam al-ʻArabīyah = _bLearn Arabic. |
| 260 |
_aCairo : _bMinistry of Culture, United Arab Republic, _c1966. |
||
| 300 |
_a2v. ; _c24 cm. |
||
| 650 | 0 |
_aArabic language _xTextbooks for foreign speakers _xEnglish. |
|
| 740 | 0 | _aLearn Arabic. | |
| 999 |
_c51086 _d51086 |
||